TOP 20 Biggest Stadiums in Europe By Capacity - Statistics

General Stats
  • This quiz has been taken 81 times
  • The average score is 10 of 20
Answer Stats
Place Capacity City Stadium Name % Correct
1. 99,354 Barcelona Camp Nou
97%
2. 90,000 London Wembley Stadium
97%
3. 83,186 Madrid Santiago Bernabéu
95%
10. 75,024 Munich Allianz Arena
76%
14. 74,031 Manchester Old Trafford
76%
8. 80,018 Milan San Siro
76%
6. 81,400 Paris Stade de France
55%
20. 67,394 Marseille Stade Vélodrome
53%
15. 70,460 Madrid Wanda Metropolitano
49%
19. 67,585 Rome Stadio Olimpico
45%
18. 68,013 London London Stadium
43%
12. 74,500 Cardiff Millennium Stadium
37%
13. 74,461 Berlin Olympiastadion
37%
9. 78,011 Moscow Luzhniki Stadium
36%
5. 82,000 London Twickenham Stadium
33%
7. 81,365 Dortmund Westfalenstadion
33%
11. 74,753 Istanbul Atatürk Olympic Stadium
30%
4. 82,300 Dublin Croke Park
29%
16. 70,050 Kyiv NSC Olimpiyskiy
9%
17. 69,818 Athens Central Olympic Stadium
5%
No matching quizzes found
Score Distribution
Percent of People with Each Score
Percentile by Number Answered
Your Score History
You have not taken this quiz